Simple Math Facts - Statistics

General Stats
  • This quiz has been taken 106 times
  • The average score is 15 of 15
Answer Stats
Hint Answer % Correct
5 + 15 20
100%
100 + 100 200
99%
10 X 10 100
98%
60 + 40 100
98%
99 + 3 102
98%
100 + 1000 1,100
98%
5 + 5 + 5 15
98%
90 + 90 180
98%
1000 + 1000 + 1000 3000
98%
5 + 50 55
98%
60 + 20 80
98%
50 + 55 105
96%
5 + 8 13
96%
25 + 4 29
96%
1000 + 8000 9000
96%
No matching quizzes found
Score Distribution
Percent of People with Each Score
Percentile by Number Answered
Your Score History
You have not taken this quiz